[Event "ABC-4 2025 Groep B"]
[Site "Utrecht"]
[Date "2025.03.16"]
[Round "6.6"]
[White "Van Haaften, Jelle"]
[Black "Katpatal, Akshaj"]
[Result "1/2-1/2"]
[WhiteFideId "8687283"]
[BlackFideId "8800165"]
[WhiteElo "1843"]
[BlackElo "1974"]

1. c4 {[%clk 00:55:18]} {[%emt 00:00:01]} e5 {[%clk 00:55:11]} {[%emt
00:00:11]} 2. Nc3 {[%clk 00:55:24]} {[%emt 00:00:03]} Nf6 {[%clk 00:55:05]}
{[%emt 00:00:16]} 3. g3 {[%clk 00:55:27]} {[%emt 00:00:06]} d5 {[%clk
00:54:34]} {[%emt 00:00:40]} 4. cxd5 {[%clk 00:55:30]} {[%emt 00:00:08]} Nxd5
{[%clk 00:54:37]} {[%emt 00:00:07]} 5. Bg2 {[%clk 00:55:35]} {[%emt 00:00:05]}
Nxc3 {[%clk 00:53:16]} {[%emt 00:01:31]} 6. bxc3 {[%clk 00:55:33]} {[%emt
00:00:12]} c6 {[%clk 00:53:14]} {[%emt 00:00:12]} 7. Nf3 {[%clk 00:54:29]}
{[%emt 00:01:13]} Bd6 {[%clk 00:52:34]} {[%emt 00:00:49]} 8. O-O {[%clk
00:54:13]} {[%emt 00:00:28]} O-O {[%clk 00:47:44]} {[%emt 00:04:59]} 9. d4
{[%clk 00:52:30]} {[%emt 00:01:54]} exd4 {[%clk 00:44:56]} {[%emt 00:02:58]} 10.
cxd4 {[%clk 00:52:15]} {[%emt 00:00:24]} Be7 {[%clk 00:42:47]} {[%emt
00:02:18]} 11. Bb2 {[%clk 00:49:19]} {[%emt 00:03:07]} Be6 {[%clk 00:42:31]}
{[%emt 00:00:25]} 12. Qc2 {[%clk 00:46:08]} {[%emt 00:03:21]} Na6 {[%clk
00:39:37]} {[%emt 00:03:05]} 13. a3 {[%clk 00:45:48]} {[%emt 00:00:32]} f6
{[%clk 00:33:17]} {[%emt 00:06:28]} 14. e4 {[%clk 00:42:02]} {[%emt 00:03:56]}
Rc8 {[%clk 00:28:45]} {[%emt 00:04:42]} 15. Rfd1 {[%clk 00:40:59]} {[%emt
00:01:11]} Qb6 {[%clk 00:22:31]} {[%emt 00:06:24]} 16. Qe2 {[%clk 00:39:02]}
{[%emt 00:02:09]} Qb5 {[%clk 00:12:39]} {[%emt 00:10:00]} 17. Qxb5 {[%clk
00:36:28]} {[%emt 00:02:46]} cxb5 {[%clk 00:12:44]} {[%emt 00:00:06]} 18. Rac1
{[%clk 00:36:21]} {[%emt 00:00:16]} Bb3 {[%clk 00:11:31]} {[%emt 00:01:22]} 19.
Rxc8 {[%clk 00:36:06]} {[%emt 00:00:27]} Rxc8 {[%clk 00:11:33]} {[%emt
00:00:07]} 20. Rc1 {[%clk 00:36:11]} {[%emt 00:00:05]} Rxc1+ {[%clk 00:11:19]}
{[%emt 00:00:23]} 21. Bxc1 {[%clk 00:36:18]} {[%emt 00:00:04]} b4 {[%clk
00:10:24]} {[%emt 00:01:05]} 22. axb4 {[%clk 00:35:43]} {[%emt 00:00:46]} Nxb4
{[%clk 00:10:18]} {[%emt 00:00:16]} 23. e5 {[%clk 00:35:29]} {[%emt 00:00:25]}
a5 {[%clk 00:09:16]} {[%emt 00:01:11]} 24. Nd2 {[%clk 00:34:16]} {[%emt
00:01:23]} Bd5 {[%clk 00:08:51]} {[%emt 00:00:33]} 25. Ne4 {[%clk 00:34:15]}
{[%emt 00:00:12]} Kf7 {[%clk 00:06:38]} {[%emt 00:02:22]} 26. Ba3 {[%clk
00:33:30]} {[%emt 00:00:56]} Bxe4 {[%clk 00:05:59]} {[%emt 00:00:50]} 27. Bxe4
{[%clk 00:33:21]} {[%emt 00:00:18]} fxe5 {[%clk 00:05:58]} {[%emt 00:00:12]} 28.
dxe5 {[%clk 00:33:13]} {[%emt 00:00:19]} Nc6 {[%clk 00:05:44]} {[%emt
00:00:20]} 29. Bd5+ {[%clk 00:32:55]} {[%emt 00:00:32]} Kf8 {[%clk 00:05:28]}
{[%emt 00:00:23]} 30. Bb2 {[%clk 00:32:48]} {[%emt 00:00:20]} a4 {[%clk
00:05:11]} {[%emt 00:00:27]} 31. f4 {[%clk 00:32:32]} {[%emt 00:00:25]} a3
{[%clk 00:04:55]} {[%emt 00:00:26]} 32. Ba1 {[%clk 00:32:20]} {[%emt 00:00:24]}
Bc5+ {[%clk 00:03:15]} {[%emt 00:01:50]} 33. Kf1 {[%clk 00:32:03]} {[%emt
00:00:26]} Na5 {[%clk 00:01:30]} {[%emt 00:01:53]} 34. Bc3 {[%clk 00:30:27]}
{[%emt 00:01:48]} Nc6 {[%clk 00:01:30]} {[%emt 00:00:10]} 35. Ke2 {[%clk
00:29:33]} {[%emt 00:01:03]} Nd4+ {[%emt 00:00:26]} 1/2-1/2

[Event "ABC-4 2025 Groep B"]
[Site "Utrecht"]
[Date "2025.03.16"]
[Round "6.7"]
[White "Hagen, Carlijn"]
[Black "Ten Kate, Gustav"]
[Result "0-1"]
[WhiteFideId "8829128"]
[BlackFideId "8873337"]
[WhiteElo "1910"]
[BlackElo "2092"]

1. e4 {[%clk 00:55:16]} {[%emt 00:00:04]} Nf6 {[%clk 00:55:00]} {[%emt
00:00:21]} 2. e5 {[%clk 00:54:47]} {[%emt 00:00:40]} Nd5 {[%clk 00:55:06]}
{[%emt 00:00:04]} 3. d4 {[%clk 00:54:35]} {[%emt 00:00:22]} d6 {[%clk
00:55:12]} {[%emt 00:00:04]} 4. c4 {[%clk 00:54:01]} {[%emt 00:00:43]} Nb6
{[%clk 00:55:12]} {[%emt 00:00:11]} 5. exd6 {[%clk 00:53:43]} {[%emt 00:00:28]}
cxd6 {[%clk 00:55:15]} {[%emt 00:00:06]} 6. Nc3 {[%clk 00:53:07]} {[%emt
00:00:46]} g6 {[%clk 00:55:21]} {[%emt 00:00:05]} 7. Nf3 {[%clk 00:52:32]}
{[%emt 00:00:45]} Bg7 {[%clk 00:55:26]} {[%emt 00:00:05]} 8. Bf4 {[%clk
00:51:31]} {[%emt 00:01:10]} O-O {[%clk 00:54:47]} {[%emt 00:00:49]} 9. Be2
{[%clk 00:51:08]} {[%emt 00:00:33]} Nc6 {[%clk 00:54:37]} {[%emt 00:00:20]} 10.
h3 {[%clk 00:49:11]} {[%emt 00:02:08]} e5 {[%clk 00:47:19]} {[%emt 00:07:28]}
11. dxe5 {[%clk 00:40:23]} {[%emt 00:08:58]} dxe5 {[%clk 00:47:13]} {[%emt
00:00:16]} 12. Be3 {[%clk 00:40:00]} {[%emt 00:00:32]} Be6 {[%clk 00:44:30]}
{[%emt 00:02:53]} 13. Qxd8 {[%clk 00:33:05]} {[%emt 00:07:05]} Rfxd8 {[%clk
00:44:22]} {[%emt 00:00:19]} 14. Bxb6 {[%clk 00:32:59]} {[%emt 00:00:16]} axb6
{[%clk 00:44:24]} {[%emt 00:00:07]} 15. Rc1 {[%clk 00:31:54]} {[%emt 00:01:15]}
Nd4 {[%clk 00:42:26]} {[%emt 00:02:07]} 16. b3 {[%clk 00:27:26]} {[%emt
00:04:40]} h6 {[%clk 00:29:46]} {[%emt 00:12:50]} 17. Bd1 {[%clk 00:25:39]}
{[%emt 00:01:56]} f5 {[%clk 00:28:02]} {[%emt 00:01:55]} 18. a4 {[%clk
00:20:31]} {[%emt 00:05:18]} Rd7 {[%clk 00:23:55]} {[%emt 00:04:17]} 19. O-O
{[%clk 00:19:27]} {[%emt 00:01:14]} Rad8 {[%clk 00:23:36]} {[%emt 00:00:29]} 20.
Nxd4 {[%clk 00:14:46]} {[%emt 00:04:51]} exd4 {[%clk 00:23:14]} {[%emt
00:00:33]} 21. Nb5 {[%clk 00:14:39]} {[%emt 00:00:16]} d3 {[%clk 00:20:02]}
{[%emt 00:03:22]} 22. Bf3 {[%clk 00:14:15]} {[%emt 00:00:33]} d2 {[%clk
00:18:57]} {[%emt 00:01:16]} 23. Rcd1 {[%clk 00:13:55]} {[%emt 00:00:30]} Kf7
{[%clk 00:18:30]} {[%emt 00:00:36]} 24. Be2 {[%clk 00:12:34]} {[%emt 00:01:31]}
f4 {[%clk 00:16:48]} {[%emt 00:01:54]} 25. Bg4 {[%clk 00:12:12]} {[%emt
00:00:31]} Bxg4 {[%clk 00:16:28]} {[%emt 00:00:30]} 26. hxg4 {[%clk 00:12:20]}
{[%emt 00:00:02]} Bb2 {[%clk 00:16:22]} {[%emt 00:00:17]} 27. g3 {[%clk
00:11:30]} {[%emt 00:01:00]} f3 {[%clk 00:16:02]} {[%emt 00:00:29]} 28. Kh2
{[%clk 00:11:05]} {[%emt 00:00:35]} Kf6 {[%clk 00:14:29]} {[%emt 00:01:43]} 29.
Rh1 {[%clk 00:10:50]} {[%emt 00:00:25]} Kg5 {[%clk 00:14:00]} {[%emt 00:00:39]}
30. Kh3 {[%clk 00:10:41]} {[%emt 00:00:19]} Re8 {[%clk 00:12:50]} {[%emt
00:01:20]} 31. Rhf1 {[%clk 00:09:52]} {[%emt 00:00:59]} Rh8 {[%clk 00:12:02]}
{[%emt 00:00:58]} 32. Rh1 {[%clk 00:09:21]} {[%emt 00:00:41]} h5 {[%clk
00:11:29]} {[%emt 00:00:43]} 33. Kh2 {[%clk 00:09:27]} {[%emt 00:00:04]} hxg4+
{[%clk 00:11:13]} {[%emt 00:00:26]} 34. Kg1 {[%clk 00:09:32]} {[%emt 00:00:04]}
Re8 {[%clk 00:10:18]} {[%emt 00:01:05]} 35. Kf1 {[%clk 00:09:07]} {[%emt
00:00:35]} Rde7 {[%clk 00:10:08]} {[%emt 00:00:20]} 36. Nd6 {[%clk 00:08:50]}
{[%emt 00:00:28]} Re1+ {[%clk 00:10:04]} {[%emt 00:00:14]} 37. Rxe1 {[%clk
00:08:55]} {[%emt 00:00:05]} dxe1=R# {[%clk 00:10:00]} {[%emt 00:00:14]} 0-1

[Event "ABC-4 2025 Groep B"]
[Site "Utrecht"]
[Date "2025.03.16"]
[Round "6.8"]
[White "Ngangbam, Chingthang"]
[Black "Kshirsagar, Pranav"]
[Result "1-0"]
[WhiteFideId "8869729"]
[BlackFideId "8887615"]
[WhiteElo "1920"]
[BlackElo "2161"]

1. e4 {[%clk 00:55:16]} {[%emt 00:00:04]} c6 {[%clk 00:55:19]} {[%emt
00:00:02]} 2. Nc3 {[%clk 00:55:15]} {[%emt 00:00:11]} d5 {[%clk 00:55:24]}
{[%emt 00:00:04]} 3. Nf3 {[%clk 00:55:22]} {[%emt 00:00:03]} dxe4 {[%clk
00:55:28]} {[%emt 00:00:07]} 4. Nxe4 {[%clk 00:55:27]} {[%emt 00:00:05]} Nf6
{[%clk 00:55:35]} {[%emt 00:00:03]} 5. Qe2 {[%clk 00:55:13]} {[%emt 00:00:23]}
Nxe4 {[%clk 00:55:41]} {[%emt 00:00:05]} 6. Qxe4 {[%clk 00:55:18]} {[%emt
00:00:05]} Nd7 {[%clk 00:55:39]} {[%emt 00:00:12]} 7. Bc4 {[%clk 00:55:21]}
{[%emt 00:00:07]} Nf6 {[%clk 00:55:46]} {[%emt 00:00:03]} 8. Ne5 {[%clk
00:55:21]} {[%emt 00:00:10]} e6 {[%clk 00:55:49]} {[%emt 00:00:07]} 9. Qe2
{[%clk 00:55:26]} {[%emt 00:00:04]} b5 {[%clk 00:54:27]} {[%emt 00:01:32]} 10.
Bb3 {[%clk 00:54:41]} {[%emt 00:00:55]} Bb7 {[%clk 00:53:31]} {[%emt 00:01:06]}
11. Nxf7 {[%clk 00:53:04]} {[%emt 00:01:47]} Kxf7 {[%clk 00:50:47]} {[%emt
00:02:54]} 12. Qxe6+ {[%clk 00:52:41]} {[%emt 00:00:33]} Kg6 {[%clk 00:49:41]}
{[%emt 00:01:17]} 13. Qf7+ {[%clk 00:52:23]} {[%emt 00:00:27]} Kf5 {[%clk
00:49:29]} {[%emt 00:00:22]} 14. Qxb7 {[%clk 00:39:42]} {[%emt 00:12:52]} Qe8+
{[%clk 00:48:34]} {[%emt 00:01:05]} 15. Kf1 {[%clk 00:39:17]} {[%emt 00:00:33]}
Qh5 {[%clk 00:38:02]} {[%emt 00:10:43]} 16. f3 {[%clk 00:34:47]} {[%emt
00:04:40]} Qh4 {[%clk 00:20:07]} {[%emt 00:18:06]} 17. Qxc6 {[%clk 00:21:33]}
{[%emt 00:13:24]} Re8 {[%clk 00:19:55]} {[%emt 00:00:22]} 18. g3 {[%clk
00:13:17]} {[%emt 00:08:26]} Qh3+ {[%clk 00:15:50]} {[%emt 00:04:15]} 19. Kf2
{[%clk 00:13:15]} {[%emt 00:00:11]} Bc5+ {[%clk 00:01:27]} {[%emt 00:14:35]} 20.
Qxc5+ {[%clk 00:13:10]} {[%emt 00:00:15]} Re5 {[%clk 00:01:36]} 21. Qd4 {[%clk
00:08:56]} {[%emt 00:04:24]} Rhe8 {[%clk 00:01:24]} {[%emt 00:00:23]} 22. Qd3+
{[%clk 00:08:00]} {[%emt 00:01:06]} Kg5 {[%clk 00:00:29]} {[%emt 00:01:05]} 23.
f4+ {[%clk 00:01:24]} {[%emt 00:06:45]} Kh6 {[%clk 00:00:39]} 24. fxe5 {[%clk
00:00:34]} {[%emt 00:01:01]} Rxe5 {[%clk 00:00:48]} {[%emt 00:00:01]} 25. Qf3
{[%clk 00:00:21]} {[%emt 00:00:22]} Rf5 {[%clk 00:00:49]} {[%emt 00:00:10]} 26.
d3+ {[%clk 00:00:20]} {[%emt 00:00:11]} Kg6 {[%clk 00:00:57]} {[%emt 00:00:03]}
27. Bf4 {[%clk 00:00:23]} {[%emt 00:00:07]} Ng4+ {[%clk 00:00:41]} {[%emt
00:00:26]} 28. Ke2 {[%clk 00:00:30]} {[%emt 00:00:02]} Ne5 {[%clk 00:00:17]}
{[%emt 00:00:35]} 29. Qf2 {[%clk 00:00:16]} {[%emt 00:00:24]} Qg4+ {[%clk
00:00:22]} {[%emt 00:00:06]} 30. Kd2 {[%clk 00:00:20]} {[%emt 00:00:05]} Nf3+
{[%clk 00:00:17]} {[%emt 00:00:16]} 31. Kc3 {[%clk 00:00:12]} {[%emt 00:00:18]}
Rf6 {[%clk 00:00:13]} {[%emt 00:00:14]} 32. Bd5 {[%clk 00:00:17]} {[%emt
00:00:05]} Qc8+ {[%clk 00:00:20]} {[%emt 00:00:04]} 33. Kb3 {[%clk 00:00:22]}
{[%emt 00:00:05]} Ng5 {[%clk 00:00:12]} {[%emt 00:00:18]} 34. c3 {[%clk
00:00:19]} {[%emt 00:00:12]} Qa6 {[%clk 00:00:17]} {[%emt 00:00:05]} 35. Kc2
{[%clk 00:00:23]} {[%emt 00:00:06]} b4 {[%clk 00:00:11]} {[%emt 00:00:16]} 36.
Bc4 {[%clk 00:00:21]} {[%emt 00:00:11]} Qa4+ {[%clk 00:00:18]} {[%emt
00:00:05]} 37. Bb3 {[%clk 00:00:28]} {[%emt 00:00:03]} Qd7 {[%clk 00:00:15]}
{[%emt 00:00:13]} 38. Qe2 {[%clk 00:00:33]} {[%emt 00:00:04]} Nh3 {[%clk
00:00:13]} {[%emt 00:00:13]} 39. Qe4+ {[%clk 00:00:25]} {[%emt 00:00:17]} Kh5
{[%clk 00:00:13]} {[%emt 00:00:12]} 40. Qf3+ {[%clk 00:00:22]} {[%emt
00:00:13]} Kg6 {[%clk 00:00:19]} {[%emt 00:00:04]} 41. Qe3 {[%clk 00:00:19]}
{[%emt 00:00:13]} bxc3 {[%clk 00:00:24]} {[%emt 00:00:06]} 42. bxc3 {[%clk
00:00:27]} {[%emt 00:00:02]} a5 {[%clk 00:00:15]} {[%emt 00:00:19]} 43. Rae1
{[%clk 00:00:30]} {[%emt 00:00:06]} a4 {[%clk 00:00:16]} {[%emt 00:00:10]} 44.
Be6 {[%clk 00:00:37]} {[%emt 00:00:03]} Qb5 {[%clk 00:00:11]} {[%emt 00:00:15]}
45. Qe4+ {[%clk 00:00:41]} {[%emt 00:00:05]} Kh5 {[%clk 00:00:13]} {[%emt
00:00:09]} 46. g4+ {[%clk 00:00:40]} {[%emt 00:00:10]} Kh4 {[%clk 00:00:15]}
{[%emt 00:00:09]} 47. Bg3+ {[%clk 00:00:43]} {[%emt 00:00:07]} Kg5 {[%clk
00:00:22]} {[%emt 00:00:03]} 48. Qe5+ {[%clk 00:00:45]} {[%emt 00:00:07]} Qxe5
{[%clk 00:00:26]} {[%emt 00:00:06]} 49. Rxe5+ {[%clk 00:00:52]} {[%emt
00:00:03]} Kg6 {[%clk 00:00:27]} {[%emt 00:00:10]} 50. Bf5+ {[%clk 00:00:50]}
{[%emt 00:00:13]} Kf7 {[%clk 00:00:25]} {[%emt 00:00:09]} 51. Rhe1 {[%clk
00:00:56]} {[%emt 00:00:05]} g6 {[%clk 00:00:29]} {[%emt 00:00:07]} 52. Re7+
{[%clk 00:01:02]} {[%emt 00:00:03]} Kg8 {[%clk 00:00:37]} {[%emt 00:00:02]} 53.
Be6+ {[%clk 00:00:57]} {[%emt 00:00:15]} Kf8 {[%clk 00:00:40]} {[%emt
00:00:07]} 54. Bd5 {[%clk 00:00:56]} {[%emt 00:00:12]} Ng5 {[%clk 00:00:37]}
{[%emt 00:00:13]} 55. Bh4 {[%clk 00:00:54]} {[%emt 00:00:11]} h6 {[%clk
00:00:39]} {[%emt 00:00:08]} 56. Re8+ {[%clk 00:00:56]} {[%emt 00:00:08]} Kg7
{[%clk 00:00:40]} {[%emt 00:00:10]} 57. Rg8+ {[%clk 00:01:00]} {[%emt
00:00:06]} Kh7 {[%clk 00:00:44]} {[%emt 00:00:06]} 58. Re7+ {[%clk 00:01:07]}
{[%emt 00:00:03]} Nf7 {[%clk 00:00:43]} {[%emt 00:00:11]} 59. Bxf6 {[%clk
00:01:00]} {[%emt 00:00:17]} Kxg8 {[%clk 00:00:52]} {[%emt 00:00:01]} 60. Rxf7
{[%clk 00:01:02]} {[%emt 00:00:08]} h5 {[%clk 00:00:51]} {[%emt 00:00:11]} 61.
gxh5 {[%clk 00:01:00]} {[%emt 00:00:11]} gxh5 {[%clk 00:01:00]} {[%emt
00:00:01]} 62. Bd4 {[%clk 00:01:08]} {[%emt 00:00:02]} h4 {[%emt 00:00:04]} 63.
Rf5+ {[%clk 00:00:58]} {[%emt 00:00:18]} Kh7 {[%clk 00:01:16]} {[%emt
00:00:03]} 64. Bf7 {[%clk 00:00:58]} {[%emt 00:00:09]} h3 {[%clk 00:01:20]}
{[%emt 00:00:07]} 65. Rh5# {[%clk 00:01:03]} {[%emt 00:00:03]} 1-0

[Event "ABC-4 2025 Groep B"]
[Site "Utrecht"]
[Date "2025.03.16"]
[Round "6.9"]
[White "Frederiks, Jesse"]
[Black "Elferink, Duncan"]
[Result "1-0"]
[WhiteFideId "8829810"]
[BlackFideId "8771422"]
[WhiteElo "1887"]
[BlackElo "1653"]

1. d4 {[%clk 00:55:10]} {[%emt 00:00:10]} b6 {[%clk 00:54:55]} {[%emt
00:00:26]} 2. Nf3 {[%clk 00:54:34]} {[%emt 00:00:45]} Bb7 {[%clk 00:54:18]}
{[%emt 00:00:47]} 3. e3 {[%clk 00:54:35]} {[%emt 00:00:08]} e6 {[%clk
00:54:21]} {[%emt 00:00:07]} 4. Bd3 {[%clk 00:54:24]} {[%emt 00:00:21]} Nf6
{[%clk 00:53:45]} {[%emt 00:00:46]} 5. b3 {[%clk 00:54:02]} {[%emt 00:00:33]}
d5 {[%clk 00:53:04]} {[%emt 00:00:50]} 6. O-O {[%clk 00:53:49]} {[%emt
00:00:23]} c5 {[%clk 00:52:54]} {[%emt 00:00:21]} 7. Bb2 {[%clk 00:53:47]}
{[%emt 00:00:11]} cxd4 {[%clk 00:50:43]} {[%emt 00:02:20]} 8. exd4 {[%clk
00:52:46]} {[%emt 00:01:12]} Bd6 {[%clk 00:49:19]} {[%emt 00:01:34]} 9. Nbd2
{[%clk 00:52:04]} {[%emt 00:00:51]} Qc7 {[%clk 00:45:46]} {[%emt 00:03:44]} 10.
Rc1 {[%clk 00:48:53]} {[%emt 00:03:21]} Ne4 {[%clk 00:30:16]} {[%emt 00:15:40]}
11. c4 {[%clk 00:47:32]} {[%emt 00:01:30]} Nxd2 {[%clk 00:29:54]} {[%emt
00:00:33]} 12. Qxd2 {[%clk 00:47:20]} {[%emt 00:00:22]} Bf4 {[%clk 00:30:01]}
{[%emt 00:00:03]} 13. cxd5 {[%clk 00:46:33]} {[%emt 00:00:58]} Qxc1 {[%clk
00:30:01]} {[%emt 00:00:10]} 14. Bb5+ {[%clk 00:43:38]} {[%emt 00:03:05]} Nd7
{[%clk 00:29:08]} {[%emt 00:01:03]} 15. Rxc1 {[%clk 00:42:15]} {[%emt
00:01:32]} Bxd2 {[%clk 00:29:03]} {[%emt 00:00:15]} 16. Rc7 {[%clk 00:41:26]}
{[%emt 00:00:59]} Bxd5 {[%clk 00:18:10]} {[%emt 00:11:03]} 17. Ba3 {[%clk
00:26:20]} {[%emt 00:15:16]} a6 {[%clk 00:11:41]} {[%emt 00:06:39]} 18. Bxd7+
{[%clk 00:26:03]} {[%emt 00:00:26]} Kd8 {[%clk 00:11:42]} {[%emt 00:00:10]} 19.
Rc2 {[%clk 00:23:20]} {[%emt 00:02:42]} Bxf3 {[%clk 00:11:29]} {[%emt
00:00:34]} 20. gxf3 {[%clk 00:22:11]} {[%emt 00:01:19]} Kxd7 {[%clk 00:11:04]}
{[%emt 00:00:34]} 21. Rxd2 {[%clk 00:22:16]} {[%emt 00:00:05]} Rhc8 {[%clk
00:10:45]} {[%emt 00:00:30]} 22. Kg2 {[%clk 00:22:07]} {[%emt 00:00:19]} Rc7
{[%clk 00:10:09]} {[%emt 00:00:46]} 23. f4 {[%clk 00:21:47]} {[%emt 00:00:30]}
Rac8 {[%clk 00:09:46]} {[%emt 00:00:33]} 24. d5 {[%clk 00:21:34]} {[%emt
00:00:22]} exd5 {[%clk 00:06:58]} {[%emt 00:02:59]} 25. Rxd5+ {[%clk 00:21:38]}
{[%emt 00:00:06]} Kc6 {[%clk 00:07:00]} {[%emt 00:00:07]} 26. Rd3 {[%clk
00:20:00]} {[%emt 00:01:47]} Kb7 {[%clk 00:06:26]} {[%emt 00:00:46]} 27. Bb2
{[%clk 00:19:38]} {[%emt 00:00:30]} g6 {[%clk 00:05:55]} {[%emt 00:00:42]} 28.
Be5 {[%clk 00:19:39]} {[%emt 00:00:09]} Re7 {[%clk 00:03:45]} {[%emt 00:02:20]}
29. Rd2 {[%clk 00:18:59]} {[%emt 00:00:50]} Ka7 {[%emt 00:00:38]} 30. Kf3
{[%clk 00:18:00]} {[%emt 00:01:07]} Rc5 {[%clk 00:03:15]} {[%emt 00:00:13]} 31.
Rd3 {[%clk 00:16:10]} {[%emt 00:02:00]} Ra5 {[%clk 00:02:51]} {[%emt 00:00:34]}
32. a4 {[%clk 00:15:59]} {[%emt 00:00:21]} Rb7 {[%clk 00:02:17]} {[%emt
00:00:45]} 33. Rd6 {[%clk 00:13:28]} {[%emt 00:02:40]} Rc5 {[%clk 00:01:38]}
{[%emt 00:00:49]} 34. Bd4 {[%clk 00:11:44]} {[%emt 00:01:54]} Rh5 {[%clk
00:01:32]} {[%emt 00:00:16]} 35. b4 {[%clk 00:11:13]} {[%emt 00:00:42]} a5
{[%clk 00:01:30]} {[%emt 00:00:13]} 36. b5 {[%clk 00:10:22]} {[%emt 00:01:01]}
Rxh2 {[%clk 00:01:28]} {[%emt 00:00:11]} 37. Be3 {[%clk 00:10:24]} {[%emt
00:00:08]} Rh1 {[%clk 00:01:32]} {[%emt 00:00:07]} 38. Rd4 {[%clk 00:10:14]}
{[%emt 00:00:21]} h5 {[%clk 00:01:34]} {[%emt 00:00:07]} 39. Rc4 {[%clk
00:09:49]} {[%emt 00:00:34]} Rg1 {[%clk 00:01:32]} {[%emt 00:00:12]} 40. Rc8
{[%clk 00:09:07]} {[%emt 00:00:52]} h4 {[%clk 00:01:28]} {[%emt 00:00:14]} 41.
Bd4 {[%clk 00:08:40]} {[%emt 00:00:38]} h3 {[%clk 00:01:33]} {[%emt 00:00:05]}
42. Rh8 {[%clk 00:08:46]} {[%emt 00:00:04]} Rd1 {[%clk 00:01:34]} {[%emt
00:00:09]} 43. Rd8 {[%clk 00:07:13]} {[%emt 00:01:44]} h2 {[%clk 00:01:35]}
{[%emt 00:00:09]} 44. Bxb6+ {[%clk 00:07:19]} {[%emt 00:00:04]} Kxb6 {[%clk
00:01:22]} {[%emt 00:00:22]} 45. Rxd1 {[%clk 00:07:26]} {[%emt 00:00:03]} Kc5
{[%clk 00:01:30]} {[%emt 00:00:03]} 46. Kg2 {[%clk 00:07:16]} {[%emt 00:00:19]}
Kb4 {[%clk 00:01:40]} {[%emt 00:00:01]} 47. Ra1 {[%clk 00:06:50]} {[%emt
00:00:35]} Rd7 {[%clk 00:01:22]} {[%emt 00:00:28]} 48. Kxh2 {[%clk 00:06:55]}
{[%emt 00:00:05]} Rd8 {[%clk 00:01:11]} {[%emt 00:00:21]} 49. Kg3 {[%clk
00:06:50]} {[%emt 00:00:15]} Rd3+ {[%clk 00:01:20]} {[%emt 00:00:01]} 50. Kg4
{[%clk 00:06:21]} {[%emt 00:00:39]} Kc5 {[%clk 00:01:19]} {[%emt 00:00:10]} 51.
Ra2 {[%clk 00:05:14]} {[%emt 00:01:16]} f6 {[%clk 00:01:20]} {[%emt 00:00:10]}
52. f5 {[%clk 00:04:48]} {[%emt 00:00:37]} Rd4+ {[%clk 00:01:20]} {[%emt
00:00:10]} 53. f4 {[%clk 00:04:17]} {[%emt 00:00:41]} g5 {[%clk 00:01:21]}
{[%emt 00:00:08]} 54. Kh5 {[%clk 00:04:26]} {[%emt 00:00:01]} Rxf4 {[%clk
00:01:27]} {[%emt 00:00:04]} 55. Kg6 {[%clk 00:04:35]} {[%emt 00:00:01]} Kb6
{[%clk 00:00:38]} {[%emt 00:00:59]} 56. Kxf6 {[%clk 00:04:39]} {[%emt
00:00:06]} Rg4 {[%clk 00:00:47]} 57. Kg6 {[%clk 00:04:35]} {[%emt 00:00:14]}
Rg1 {[%clk 00:00:37]} {[%emt 00:00:20]} 58. f6 {[%clk 00:04:44]} {[%emt
00:00:02]} g4 {[%clk 00:00:44]} {[%emt 00:00:02]} 59. f7 {[%clk 00:04:53]}
{[%emt 00:00:01]} Rf1 {[%clk 00:00:53]} {[%emt 00:00:01]} 60. Kg7 {[%clk
00:05:00]} {[%emt 00:00:03]} Rd1 {[%clk 00:00:20]} {[%emt 00:00:42]} 61. f8=Q
{[%clk 00:04:50]} {[%emt 00:00:21]} Rd7+ {[%clk 00:00:25]} {[%emt 00:00:05]} 62.
Kg6 {[%clk 00:04:51]} {[%emt 00:00:08]} g3 {[%clk 00:00:33]} {[%emt 00:00:03]}
63. Qb8+ {[%clk 00:04:54]} {[%emt 00:00:08]} Kc5 {[%clk 00:00:39]} {[%emt
00:00:05]} 64. Qc8+ {[%clk 00:05:02]} {[%emt 00:00:02]} Kb4 {[%clk 00:00:47]}
{[%emt 00:00:02]} 65. Qxd7 {[%clk 00:05:05]} {[%emt 00:00:07]} Kb3 {[%clk
00:00:56]} {[%emt 00:00:01]} 66. Qd5+ {[%clk 00:05:10]} {[%emt 00:00:04]} Kb4
{[%clk 00:01:04]} {[%emt 00:00:02]} 67. Rb2+ {[%clk 00:05:17]} {[%emt
00:00:03]} Kc3 {[%clk 00:01:14]} {[%emt 00:00:01]} 68. Rb3+ {[%clk 00:05:25]}
{[%emt 00:00:02]} Kc2 {[%clk 00:01:20]} {[%emt 00:00:04]} 69. Qd3+ {[%clk
00:05:33]} {[%emt 00:00:02]} Kc1 {[%clk 00:01:28]} {[%emt 00:00:01]} 70. Rb1#
{[%emt 00:00:09]} 1-0